MDQL
is popping MORE tags! Check the
thread
!
Quizzes
Events
Quiz Creation
Community
Videos
Private Events
Remove Ads
Sign In
Join for FREE
Feedback
Dark Mode
Quiz Categories
Sports
Geography
Music
Movies
Television
Just For Fun
Miscellaneous
History
Literature
Language
Science
Gaming
Entertainment
Religion
Holiday
For Kids
Quiz Lab
Recent
Popular Today
Quiz Kudos Today
Editor Picks
Curator Picks
Quizzes by...
Day
Popularity
Type
Ratings
Length
Year
Community
Subscriptions
Recent Discussions
Orange Saloon
Badges
Playlists
Quests
Create
Leaderboards
Showdown
Live 5
Trivia Bingo
Activity
Puzzle Library
Sporcle Events
Private Events
Virtual Trivia
Globe League
Become a Host
Pub Owners
SporcleCon
Opinionation
Our Games
Videos
Blog
Mobile Apps
Partnerships
Remove Ads and Go Orange
Feedback
Geography
Country
Landmarks
City
State
Population
World
Capital
Continent
Flags
Europe
Africa
Asia
South America
North America
Oceania
Border
Canada
United Kingdom
Topography
United States
Geography
Country
Landmarks
City
State
Population
World
Capital
Continent
Flags
Europe
Africa
Asia
South America
North America
Oceania
Border
Canada
United Kingdom
Topography
United States
Random Quiz
Search Sporcle
×
Quiz Lab
Quiz Lab
Geography
Country
Type in answers that appear in a list
Type in answers that appear in a list
Classic
Best Score? Go Orange.
Countries AB to YZ Stats
Can you name the one word countries with both letters AB to YZ?
By
tobley
4m
21 Questions
2,095 Plays
2,095 Plays
2,095 Plays
Comments
Comments
Give Quiz Kudos
Give Quiz Kudos
-
- Ratings
hide this ad
More Info
Forced Order
Answers have to be entered in order
Answers have to be entered in order
Replay
Link that replays current quiz
Next Quiz
Link to next quiz in quiz playlist
You Got
0%
They Got
Avg Score
77%
Avg Friend Score
Upgrade to see
Score Distribution
Jump to the score distribution portion of the page
Score
0/21
Timer
04:00
0
Plays Today
Contains
Country
% Correct
AB
Brazil…
93.4%
DE
Sweden…
92.2%
GH
Hungary…
89.2%
TU
Turkey…
87.3%
NO
Norway…
85.6%
IJ
Jamaica...
84.8%
CD
Canada...
84.7%
QR
Iraq…
84.4%
UV
Venezuela…
82.3%
RS
Russia…
82.2%
MN
Germany…
81.4%
Contains
Country
% Correct
ST
Australia…
80.8%
HI
China…
80.1%
OP
Portugal…
78.9%
LM
Belgium…
77.5%
BC
Cuba…
75.3%
EF
France
73.5%
YZ
Kyrgyzstan
72.2%
FG
Afghanistan
57.4%
JK
Tajikistan
53.7%
KL
Slovakia
22.6%
Quiz Playlist
Details
Report
Send in Message
Add To Playlist
More Info:
Enter a ONE WORD country for each letter combo that contains both letters not necessarily in order or adjacent.
Classic:
Type in answers that appear in a list
Forced Order:
Answers have to be entered in order
Last Updated: Sep 17, 2018
Quiz Scoreboard
CHALLENGE
Sign Up to Join the Scoreboard
Show All
Scores
Hide
Comments
May contain spoilers
Recently Published
Holiday 10x10 Sorting Gallery
by lukepisani3
Holiday
15m
Two Season TV Shows II
by 123Four
Television
10m
Image Sorting: Flags VI
by Barbecue
Geography
2m
More to Explore
Quiz From the Vault
Featured Blog Post
14 Easter Pick-up Lines to Find Eggs With
hide this ad
You Might Also Like...
Tags
Country Quiz
Letter Quiz
Today's Top Quizzes in Geography
Browse Geography
hide this ad
Today's Top Quizzes in Country
Browse Country
Top Contributed Quizzes in Geography
1
Colored Red Europe Blitz I
2
Countries of the World - No Outlines Minefield
3
Colored Red Africa Blitz II
4
Colored Red Europe Blitz II
5
Colored Red Europe Blitz III
6
Colored Red Africa Blitz III
7
Colored Red States Blitz I
8
A Different View: World Oceans
9
Colored Red States Blitz II
10
Colored Red States Blitz III
Explore More
Trending Topics
Anime
Disney
NBA
Kpop
Crossword
Harry Potter
Marvel
NFL
Country
The Office
Soccer
Song
Puzzle
WWE
Pokémon
hide this ad
More By:
tobley
Quiz
Plays
Rating
Category
Featured
Created
Memory Minefield
171,484
3.52
Just For Fun
Oct 5, 2011
Beginnings and Ends
134,181
4.55
Language
Jul 18, 2010
Three Letter Simpsons
126,272
4.16
Television
Aug 30, 2010
Repeated Letter States
92,992
4.47
Geography
Nov 16, 2011
Presidents by Term
89,371
4.58
History
Oct 15, 2011
Go to Creator's Profile
Score Distribution
Quiz Creator Spotlight
tobley
Follow
Send a Message
Quizzes Created
-
Created Quiz Play Count
-
More By This Creator
Popular Quizzes Today
1
Find the US States - No Outlines Minefield
2
Colored Red Africa Blitz
3
Find the 'City' Movie
4
The Countries of the World
5
Find the US States
6
5x2 Blitz: Bands
7
Find the Countries of Europe - No Outlines Minefield
8
US States
More Geography Quizzes
Russia Sorting Gallery
Editor's Pick
Trending Quizzes
Colored Red Europe Blitz I
Colored Red Europe Blitz II
Colored Red Africa Blitz II
Colored Red Africa Blitz III
Colored Red Europe Blitz III
Recently Updated
Odd Team Out - Big 4 Players
pecheneg
Quick Pick: 20 Twenties
pecheneg
March Madness Men's Triple Doubles
pecheneg
How Do You Spell That?
pecheneg
Godzilla Movies
pecheneg
Grab Bag: 4-10 Letters
pecheneg
2024 March Madness Bracket
pecheneg
Famous TV Couples
Peacemaker
Champions League XIs: Real Madrid
pecheneg
Largest US Cities 1790-2010
pecheneg
Trending Topics
Crossword
NBA
Marvel
Harry Potter
Kpop
Anime
Disney
Soccer
Puzzle
Country
Song
WWE
NFL
The Office
Pokémon
Your Account Isn't Verified!
In order to create a playlist on Sporcle, you need to verify the email address you used during registration. Go to your
Sporcle Settings
to finish the process.
Report this User
Report this user for behavior that violates our
Community Guidelines
.
Details:
Send Report
Go to the Sporcle.com Mobile Site →
Comments